Представление документа в формате MARC21

Поле Инд. ПП Название Значение
Тип записи a
Библиографический уровень a
001 Контрольный номер 17e59195567843bfaf0ae00b6e08b505
005 Дата корректировки 20220224153415.2
040 a Служба первич. каталог. НБ ТвГУ
b Код языка каталог. rus
e Правила каталог. PSBO
041 0_ a Код языка текста rus
097 b Оператор Komarova.ES
100 1_ a Автор Соколов Дмитрий Олегович
q Полное имя Соколов Д. О.
245 10 a Заглавие Несколько слов о сложности доказательств
260 a Место издания Тверь
b Издательство Тверской государственный университет
504 a Библиография Библиогр.: с. 71-72 (9 назв.)
520 0_ a Аннотация Теория сложности доказательств изучает длины доказательств пропозициональных формул. За последние тридцать лет в данной области произошло ряд существенных прорывов, а также были открыты новые связи с другими разделами теории сложности вычислений. Мы рассмотрим, как основные задачи теории сложности доказательств, так и примеры применений.
653 0_ a Ключевые слова Санкт-Петербург, город
a Ключевые слова Доказательства
a Ключевые слова Теория сложности
a Ключевые слова Системы доказательств
a Ключевые слова Метод резолюций
773 18 w Контрольный № источника f93cd7c2cffb4b90a02951ff508e955d
t Название источника Математические основы информатики и информационно-коммуникационных систем"
d Место и дата издания Тверь : Тверской государственный университет, 2021
g Прочая информация С. 69-72
856 40 u URL http://megapro.tversu.ru/megaPro/UserEntry?Action=FindDocs&ids=5455301
u URL http://texts.lib.tversu.ru/texts/151499t.pdf
x Примечание для ЭОР Справка УИС 2021
x Примечание для ЭОР Реестр суммарного учета сетевых локальных документов
i Дата подключения ЭОР 20211224
901 t Тип документа a
920 a Оператор Кома
954 b Дата поступления в ОК 20211221